FC Bayern Trainer seit 2000 - Statistiken

Allgemein
  • Dieses Quiz wurde 407 mal gespielt
  • Das Durchschnittsergebnis liegt bei 12 aus 17
Antwortstatistiken
Hint Antwort % Korrekt
2023-2024 Thomas Tuchel
92%
2024- Vincent Kompany
92%
2021-2023 Julian Nagelsmann
91%
2019-2021 Hansi Flick
89%
2013-2016 Pep Guardiola
89%
2009-2009 Jupp Heynckes
88%
2011-2013 Jupp Heynckes
88%
2017-2018 Jupp Heynckes
88%
2016-2017 Carlo Ancelotti
82%
2018-2019 Nico Kovac
80%
2009-2011 Louis van Gaal
70%
2008-2009 Jürgen Klinsmann
64%
1998-2004 Ottmar Hitzfeld
62%
2007-2008 Ottmar Hitzfeld
62%
2004-2007 Felix Magath
50%
2017-2017 Willy Sagnol
34%
2011-2011 Andries Jonker
27%
Keine übereinstimmenden Quizze gefunden
Verteilung der Resultate
Anzahl Personen mit jedem Resultat
Perzentil nach korrekt beantworteten Fragen
Ihre Resultats-Entwicklung
Sie haben dieses Quiz noch nicht gespielt